Couleur Bleue - Statistiques

Statistiques générales
  • Ce quiz a été pris 190 fois
  • Le résultat moyen est 5 sur 14
Statistiques - réponses
Teinte Couleur % Correct
Turquoise
87%
Ciel
83%
Marine
73%
Canard
54%
Azur
52%
Roi
48%
Nuit
45%
Outremer
24%
Électrique
23%
Saphir
19%
Cobalt
18%
Prusse (de)
9%
Denim
7%
Charrette
6%
Aucun quiz correspondant
Distribution des résultats
% des personnes avec chaque résultat
Percentile par nombre de réponses
Votre historique - résultats
Vous n’avez pas pris ce quiz